| 000 | 00765cam a22002771 4500 | ||
|---|---|---|---|
| 999 |
_c375 _d375 |
||
| 001 | 19381 | ||
| 003 | BD-DhUAP | ||
| 005 | 20210116113337.0 | ||
| 008 | 720727r20081923ii a 001 0 eng | ||
| 020 | _a9780195698428 | ||
| 020 | _a0195698428 | ||
| 040 |
_aDLC _cBD-DhUAP _dBD-DhUAP _dDLC _bEng |
||
| 082 |
_223 _a181.4 RAD |
||
| 100 | 1 | _aRadhakrishnan, S. | |
| 245 | 1 | 0 |
_aIndian philosophy / _cS. Radhakrishnan, with an introduction by J. N. Mohanty. |
| 250 | _a2nd ed. | ||
| 260 |
_aLondon : _bOxford University Press, _cc1923 [Reprinted 2008]. |
||
| 300 |
_avolumes : _b21 cm. |
||
| 500 | _aIncludes index. | ||
| 505 | _aV. 2-- | ||
| 650 | 0 | _aHindu philosophy. | |
| 650 | 0 | _aUpanishads | |
| 650 | 0 | _aVedas. | |
| 650 | 0 | _aBrahmanism. | |
| 942 |
_2ddc _cBK |
||